00969nam a2200265 a 450000100100000000500170001000800410002702000240006802000240009202000240011604000250014008200110016510000220017624501690019826000400036730000330040749000260044050000650046650500260053170000170055770000270057470000260060171000500062783000260067700004709120201002053341.0180417s2015 dr abc 000 0 spa d a9789945192452 (v.1) a9789945192360 (v.2) a9789945192841 (v.2) aDO-SdBNPbspacBNPHU axxbxx1 aCapellán, Fanny10aCiencias sociales 6 :beducación primaria /ctexto Fanny Capellán, Eris Castro ; ilustración Ruddy Núñez... [et.al]; dirección editorial Claudia Llibre. aSanto Domingo :bSantillana,c2015. av. :bil. ;c29 cm.+eCD-ROM1 aProyecto todos juntos aActualización según el nuevo diseño curricular oficial0 av.1 :tLibro de texto1 aCastro, Eric1 aNúñez, Ruddyeils.1 aLlibre, Claudiaedir.2 aEditorial Santillana (República Dominicana)00aProyecto todos juntos